Mots en M par définition - Statistiques

Statistiques générales
  • Ce quiz a été pris 277 fois
  • Le résultat moyen est 14 sur 20
Statistiques - réponses
Genre Définition Mot % Correct
Nom Féminin Terme familier par lequel les enfants appellent leur grand-mère. Mamie
99%
Nom Féminin Édifice où se trouvent les services de l'administration municipale et où siège le conseil municipal ; hôtel de ville. Mairie
98%
Nom Masculin Homicide volontaire. Meurtre
95%
Nom Masculin Doigt du milieu de la main. Médius / Majeur
94%
Nom Masculin Faux visage de carton peint, de tissu, etc., dont on se couvre la figure pour se déguiser ou dissimuler son identité. Masque
93%
Nom Masculin Substance sucrée produite par les abeilles mellifères à partir du nectar des fleurs, qu'elles emmagasinent dans les rayons de la ruche pour ensuite en nourrir leurs larves. Miel
93%
Nom Masculin Acte solennel par lequel deux personnes établissent entre eux une union dont les conditions, les effets et la dissolution sont régis par le Code civil ou par les lois religieuses. Mariage
89%
Nom Personne qui fait partie des forces armées. Militaire
87%
Nom Féminin Confiture de fruits passés au tamis, à peine blanchis, afin de n'en conserver que la pulpe mise à cuire avec du sucre. Marmelade
81%
Nom Masculin Tee-shirt unisexe décolleté et sans manches ; débardeur. Marcel
75%
Nom Masculin Illusion d'optique due à la réfraction des rayons lumineux dans l'atmosphère. Mirage
69%
Nom Féminin Élévation du sol, naturelle et très importante. Montagne
61%
Nom Masculin Pavillon à évasement conique ou parabolique qui, placé devant la bouche, dirige les sons de parole vers l'avant et les amplifie. Mégaphone
56%
Nom Féminin Fromage de Hollande voisin de l'édam, mais environ deux fois plus gros. Mimolette
56%
Nom Féminin Instrument de musique formé d'un hochet en courge, utilisé en Amérique latine. Maraca
54%
Nom Féminin Habitude, goût bizarre qui provoque la moquerie ou l'irritation. Manie
45%
Nom & Adjectif Personne qui manifeste des idées de grandeur, un orgueil excessif. Mégalomane
40%
Nom Masculin Ce qui est inaccessible à la raison humaine, ce qui est de l'ordre du surnaturel, ce qui est obscur, caché, inconnu, incompréhensible. Mystère
30%
Nom Masculin Superposition, dans des proportions déterminées, de signaux, son ou image d'origine différente, pour constituer une scène, une séquence sonore, un programme de radio ou de télévision, etc. Mixage
21%
Nom Féminin Penchant à dire ou à faire des taquineries excluant la méchanceté. Malice
19%
Aucun quiz correspondant
Distribution des résultats
% des personnes avec chaque résultat
Percentile par nombre de réponses
Votre historique - résultats
Vous n’avez pas pris ce quiz